<?xml version="1.0" encoding="UTF-8"?>
<record
    xmlns:xsi="http://www.w3.org/2001/XMLSchema-instance"
    xsi:schemaLocation="http://www.loc.gov/MARC21/slim http://www.loc.gov/standards/marcxml/schema/MARC21slim.xsd"
    xmlns="http://www.loc.gov/MARC21/slim">

  <leader>00834nam2a2200205   4500</leader>
  <controlfield tag="001">RU\NLR\PER_A\003156748_002090</controlfield>
  <controlfield tag="005">20250624074449.0</controlfield>
  <datafield tag="035" ind1=" " ind2=" ">
    <subfield code="a">(NLR Aleph) 012581549</subfield>
  </datafield>
  <datafield tag="090" ind1=" " ind2=" ">
    <subfield code="a">12523315</subfield>
    <subfield code="c">12523315</subfield>
  </datafield>
  <datafield tag="100" ind1=" " ind2=" ">
    <subfield code="a">20210818d2016    |||y0rusy50      ca</subfield>
  </datafield>
  <datafield tag="101" ind1="0" ind2=" ">
    <subfield code="a">rus</subfield>
  </datafield>
  <datafield tag="102" ind1=" " ind2=" ">
    <subfield code="a">RU</subfield>
  </datafield>
  <datafield tag="200" ind1="0" ind2=" ">
    <subfield code="a">2016, &#x2116; 7 (217)</subfield>
  </datafield>
  <datafield tag="210" ind1=" " ind2=" ">
    <subfield code="d">2016</subfield>
    <subfield code="a">&#x411;. &#x43C;.</subfield>
  </datafield>
  <datafield tag="461" ind1=" " ind2="0">
    <subfield code="1">001RU\NLR\INFOCOMM16\1000020107</subfield>
    <subfield code="1">2001#$aGeo$e&#x41D;&#x435;&#x43F;&#x43E;&#x437;&#x43D;&#x430;&#x43D;. &#x43C;&#x438;&#x440;: &#x417;&#x435;&#x43C;&#x43B;&#x44F;$e&#x415;&#x436;&#x435;&#x43C;&#x435;&#x441;. &#x436;&#x443;&#x440;&#x43D;.$f&#x423;&#x447;&#x440;&#x435;&#x434;&#x438;&#x442;&#x435;&#x43B;&#x44C;: &#x413;&#x440;&#x443;&#x43D;&#x435;&#x440; + &#x42F;&#x440;&#x417;&#x410;&#x41E;$v2016, &#x2116; 7 (217)</subfield>
    <subfield code="9">3061667</subfield>
    <subfield code="c">&#x41C;.</subfield>
    <subfield code="d">1998-</subfield>
    <subfield code="f">&#x423;&#x447;&#x440;&#x435;&#x434;&#x438;&#x442;&#x435;&#x43B;&#x44C;: &#x413;&#x440;&#x443;&#x43D;&#x435;&#x440; + &#x42F;&#x440;&#x417;&#x410;&#x41E;</subfield>
    <subfield code="n">&#x413;&#x440;&#x443;&#x43D;&#x435;&#x440; + &#x42F;&#x440;&#x417;&#x410;&#x41E;</subfield>
    <subfield code="o">&#x41D;&#x435;&#x43F;&#x43E;&#x437;&#x43D;&#x430;&#x43D;. &#x43C;&#x438;&#x440;: &#x417;&#x435;&#x43C;&#x43B;&#x44F; : &#x415;&#x436;&#x435;&#x43C;&#x435;&#x441;. &#x436;&#x443;&#x440;&#x43D;.</subfield>
    <subfield code="t">Geo</subfield>
    <subfield code="x">1029-5828</subfield>
    <subfield code="v">2016, &#x2116; 7 (217)</subfield>
  </datafield>
  <datafield tag="852" ind1=" " ind2=" ">
    <subfield code="a">NLR</subfield>
    <subfield code="j">&#x41F;23/4418</subfield>
  </datafield>
  <datafield tag="942" ind1=" " ind2=" ">
    <subfield code="c">ISSUE</subfield>
  </datafield>
  <datafield tag="980" ind1=" " ind2=" ">
    <subfield code="a">NB</subfield>
  </datafield>
  <datafield tag="980" ind1=" " ind2=" ">
    <subfield code="a">RUSPER</subfield>
  </datafield>
</record>
